000
00308nam a2200133Ia 4500
008
191201s2009 xx 000 0 und d
100
_a
JERKE, Noel
245
0
_a
Visual Basic 6 The Complete Reference
250
_a
Rep.
260
_a
N.Delhi
_b
TMH
_c
2009
300
_a
788
650
_a
MCA
942
_2
ddc
_c
BK
999
_c
4078
_d
4078